Κατάλογος Βιβλιοθηκών Mediterranean College

The Complete Manager's Guide to Promotional Merchandise / Promoting Your Organization with Premiums, Freebies and Other Powerful Objects (Record no. 1589)

MARC details
000 -LEADER
fixed length control field 01189cam a22001934a 4500
005 - ΗΜΕΡΟΜΗΝΙΑ ΚΑΙ ΩΡΑ ΤΕΛΕΥΤΑΙΑΣ ΕΝΗΜΕΡΩΣΗΣ
Πεδίο ελέγχου 20250605164013.0
008 - FIXED-LENGTH DATA ELEMENTS--GENERAL INFORMATION
Πεδίο ελέγχου σταθερού μήκους 250528s ||||||||||||||||||||||||d
035 ## - SYSTEM CONTROL NUMBER
System control number 16049
020 ## - ISBN
ISBN 1556232128
040 ## - ΠΗΓΗ ΚΑΤΑΛΟΓΟΓΡΑΦΗΣΗΣ
Φορέας πρωτότυπης καταλογογράφησης MC Athens Campus Library
Γλώσσα καταλογογράφησης Ελληνικά, Μοντέρνα (1453-)
Modifying agency MC Athens Campus Library
Κανόνες περιγραφικής καταλογογράφησης AACR2
245 1# - ΤΙΤΛΟΣ ΚΑΙ ΔΗΛΩΣΗ ΥΠΕΥΘΥΝΟΤΗΤΑΣ
Τίτλος The Complete Manager's Guide to Promotional Merchandise / Promoting Your Organization with Premiums, Freebies and Other Powerful Objects
260 ## - PUBLICATION, DISTRIBUTION, ETC.
Name of publisher, distributor, etc. Don Jones-Irwin,
Date of publication, distribution, etc. 1989
300 ## - PHYSICAL DESCRIPTION
Extent 178
520 ## - SUMMARY, ETC.
Summary, etc. This book includes a wide array of case histories that show you when Promotional Merchandise has been effective...and when it hasn't. Matching the Merchandise and the Message to the Market, What Makes a Promotional Merchandise Item Good, Applying Dime Store Psychology to 25-Cent Giveaways: Studying Your Audience, ''If I Only Had a Heart'': The Geegaws You Want May Already Exist, Gizmo Chaos: When Everything Goes Wrong, How Effective Is It? Evaluating Your Program, Using an Agent, Buy it Right and at the Right Price: The Case for a New Type of Centralized Purchasing, Doing It Yourself, Appreciating the Subtleties, Index.
700 1# - ΠΡΟΣΘΕΤΗ ΑΝΑΓΡΑΦΗ--ΦΥΣΙΚΟ ΠΡΟΣΩΠΟ
Personal name Tharp Louis
9 (RLIN) 2090
942 ## - ADDED ENTRY ELEMENTS (KOHA)
Koha item type Books
Holdings
Τύπος τεκμηρίου Βιβλιοθήκη Τρέχουσα τοποθεσία Barcode Αριθμός εισαγωγής Ημερομηνία απόκτησης Ταξιθετικό σύμβολο Αριθμός αντιτύπου Κατάσταση απόσυρσης Κατάσταση χαμένου Κατάσταση κατεστραμμένου Μη δανεισμός Σύνολο δανεισμών Ημερομηνία τελευταίας εμφάνισης Η τιμή ισχύει από
Books MC Athens Campus Library MC Athens Campus Library 9780000015884 2675 05/06/2025 658.8/2 THA 1           05/06/2025 05/06/2025

MC Athens Campus Library
Πατησίων 94 & Κοδριγκτώνος 13, 104 34
Πελλήνης 8 & Πατησίων 107, 112 51
Τ: +30 210 8899600

MC Thessaloniki Campus Library
Ίωνος Δραγούμη 21, 54625 | Ίωνος Δραγούμη 15, 54625
Τ: +30 2310 287779 – Τ: +30 2314 440300